| 000 | nam a22 7a 4500 | ||
|---|---|---|---|
| 999 |
_c29974 _d29974 |
||
| 008 | 181129b xxu||||| |||| 00| 0 eng d | ||
| 020 | _a9781107622395 | ||
| 050 | _aHV 40 .M67 2014 | ||
| 100 | _aMorley, Christine. | ||
| 245 |
_aEngaging with social work: _bA critical introduction/ _cChristine Morley, Selma Macfarlane & Philip Ablett. |
||
| 260 |
_aAustralia: _bCambridge University Press, _c2014. |
||
| 300 |
_axvi, 335p.: _bill.; _c25 cm. |
||
| 504 | _aIncludes bibliographical references and index. | ||
| 650 | _aSocial justice. | ||
| 650 | _aSocial service. | ||
| 650 | _aSocial service - sociological aspects. | ||
| 700 | _aMacfarlane, Selma. | ||
| 700 | _aAblett, Philip. | ||
| 942 |
_2lcc _cBOOKS _hHV 40 .M67 2014 _01 |
||